<?xml version="1.0" encoding="UTF-8"?>
<record
    xmlns:xsi="http://www.w3.org/2001/XMLSchema-instance"
    xsi:schemaLocation="http://www.loc.gov/MARC21/slim http://www.loc.gov/standards/marcxml/schema/MARC21slim.xsd"
    xmlns="http://www.loc.gov/MARC21/slim">

  <leader>01199nam a2200241 a 4500</leader>
  <controlfield tag="001">000022571</controlfield>
  <controlfield tag="005">20240530073919.0</controlfield>
  <controlfield tag="008">101013s2007    dr            000 f spa d</controlfield>
  <datafield tag="020" ind1=" " ind2=" ">
    <subfield code="a">9789945442182</subfield>
  </datafield>
  <datafield tag="040" ind1=" " ind2=" ">
    <subfield code="a">DO-SdBNP</subfield>
    <subfield code="b">spa</subfield>
    <subfield code="c">BNPHU</subfield>
  </datafield>
  <datafield tag="082" ind1=" " ind2=" ">
    <subfield code="a">RD863.44</subfield>
    <subfield code="b">A473f</subfield>
  </datafield>
  <datafield tag="100" ind1="1" ind2=" ">
    <subfield code="a">&#xC1;lvarez L&#xF3;pez, Wiliams,</subfield>
    <subfield code="d">1944-</subfield>
    <subfield code="9">46460</subfield>
  </datafield>
  <datafield tag="245" ind1="1" ind2="3">
    <subfield code="a">La forc&#xED;cola :</subfield>
    <subfield code="b">la novela del siglo 21 /</subfield>
    <subfield code="c">Wiliams &#xC1;lvarez L&#xF3;pez.</subfield>
  </datafield>
  <datafield tag="260" ind1=" " ind2=" ">
    <subfield code="a">Santo Domingo :</subfield>
    <subfield code="b">Taller,</subfield>
    <subfield code="c">2007.</subfield>
  </datafield>
  <datafield tag="300" ind1=" " ind2=" ">
    <subfield code="a">123 p. ;</subfield>
    <subfield code="c">21 cm.</subfield>
  </datafield>
  <datafield tag="500" ind1=" " ind2=" ">
    <subfield code="a">Incluye datos biogr&#xE1;ficos del autor en la contracubierta.</subfield>
  </datafield>
  <datafield tag="505" ind1="0" ind2=" ">
    <subfield code="a">La fiesta --</subfield>
    <subfield code="g">Cap&#xED;tulo II</subfield>
    <subfield code="t">La gran vaguada --</subfield>
    <subfield code="g">Cap&#xED;tulo III</subfield>
    <subfield code="t">El atentado --</subfield>
    <subfield code="g">Cap&#xED;tulo IV</subfield>
    <subfield code="t">Regreso desde el infierno --</subfield>
    <subfield code="g">Cap&#xED;tulo V</subfield>
    <subfield code="t">La llave --</subfield>
    <subfield code="g">Cap&#xED;tulo VI</subfield>
    <subfield code="t">El ultimo rescate --</subfield>
    <subfield code="g">Cap&#xED;tulo VII</subfield>
    <subfield code="t">Una gran tarde --</subfield>
    <subfield code="g">Cap&#xED;tulo VIII</subfield>
    <subfield code="t">Un mal presagio la pr&#xE1;ctica macabra --</subfield>
    <subfield code="g">Cap&#xED;tulo IX</subfield>
    <subfield code="t">El viaje --</subfield>
    <subfield code="g">Cap&#xED;tulo X</subfield>
    <subfield code="t">Diluvio --</subfield>
    <subfield code="g">Cap&#xED;tulo XI</subfield>
    <subfield code="t">La venganza --</subfield>
    <subfield code="g">Cap&#xED;tulo XII</subfield>
    <subfield code="t">Sinopsis.</subfield>
  </datafield>
  <datafield tag="590" ind1=" " ind2=" ">
    <subfield code="a">La biblioteca posee 2 ejemplares autografiados por el autor.</subfield>
  </datafield>
  <datafield tag="590" ind1=" " ind2=" ">
    <subfield code="a">Inventariado, 2019/LP</subfield>
  </datafield>
  <datafield tag="650" ind1=" " ind2="0">
    <subfield code="a">Novela dominicana</subfield>
    <subfield code="9">223</subfield>
  </datafield>
  <datafield tag="650" ind1=" " ind2="0">
    <subfield code="a">Literatura dominicana.</subfield>
    <subfield code="9">67</subfield>
  </datafield>
  <datafield tag="910" ind1=" " ind2=" ">
    <subfield code="a">Validado. Control de calidad MFF</subfield>
  </datafield>
  <datafield tag="952" ind1=" " ind2=" ">
    <subfield code="0">0</subfield>
    <subfield code="1">0</subfield>
    <subfield code="7">1</subfield>
    <subfield code="8">PD</subfield>
    <subfield code="a">PD</subfield>
    <subfield code="b">PD</subfield>
    <subfield code="c">HD</subfield>
    <subfield code="d">2010-10-13</subfield>
    <subfield code="i">LF1</subfield>
    <subfield code="l">0</subfield>
    <subfield code="o">RD863.44 A473f</subfield>
    <subfield code="p">22571-10</subfield>
    <subfield code="r">2020-06-25</subfield>
    <subfield code="w">2020-06-25</subfield>
    <subfield code="y">LFPD</subfield>
    <subfield code="Z">No se presta</subfield>
  </datafield>
  <datafield tag="952" ind1=" " ind2=" ">
    <subfield code="0">0</subfield>
    <subfield code="1">0</subfield>
    <subfield code="7">1</subfield>
    <subfield code="8">PD</subfield>
    <subfield code="a">PD</subfield>
    <subfield code="b">PD</subfield>
    <subfield code="c">HD</subfield>
    <subfield code="d">2010-10-13</subfield>
    <subfield code="i">LF1</subfield>
    <subfield code="l">0</subfield>
    <subfield code="o">RD863.44 A473f</subfield>
    <subfield code="p">22571-20</subfield>
    <subfield code="r">2020-06-25</subfield>
    <subfield code="t">e. 2</subfield>
    <subfield code="w">2020-06-25</subfield>
    <subfield code="y">LFPD</subfield>
    <subfield code="Z">No se presta</subfield>
  </datafield>
  <datafield tag="999" ind1=" " ind2=" ">
    <subfield code="c">22068</subfield>
    <subfield code="d">22068</subfield>
  </datafield>
</record>
